[Event "M?R mláde?e v rapidu 2019"]
[Site "?"]
[Date "2019.09.08"]
[Round "9.11"]
[White "Hladky, Tadeas"]
[Black "Soucek, Jan"]
[Result "0-1"]
[BlackElo "1778"]
[WhiteElo "1716"]
[LiveChessVersion "1.4.8"]

1. e4 {[%clk 0:20:09]} e5 {[%clk 0:20:08]} 2. Nf3 {[%clk 0:20:12]} Nc6
{[%clk 0:20:11]} 3. d4 {[%clk 0:20:15]} exd4 {[%clk 0:20:15]} 4. Nxd4
{[%clk 0:20:19]} Bc5 {[%clk 0:20:19]} 5. Be3 {[%clk 0:20:22]} Qf6
{[%clk 0:20:23]} 6. c3 {[%clk 0:20:26]} Nge7 {[%clk 0:20:26]} 7. Bc4
{[%clk 0:20:29]} Ne5 {[%clk 0:20:29]} 8. Be2 {[%clk 0:20:30]} O-O
{[%clk 0:20:30]} 9. O-O {[%clk 0:20:30]} d5 10. Nd2 Qb6 {[%clk 0:09:40]} 11. b4
{[%clk 0:16:44]} Bxd4 {[%clk 0:09:14]} 12. Bxd4 {[%clk 0:16:44]} Qe6
{[%clk 0:08:43]} 13. exd5 {[%clk 0:11:30]} Nxd5 {[%clk 0:04:58]} 14. Re1
{[%clk 0:11:30]} Qf5 {[%clk 0:03:18]} 15. Bxe5 {[%clk 0:11:30]} Qxe5
{[%clk 0:03:18]} 16. Bf3 {[%clk 0:11:30]} Qg5 {[%clk 0:03:18]} 17. Ne4
{[%clk 0:05:34]} Qd8 {[%clk 0:00:33]} 18. Qd4 {[%clk 0:02:23]} Be6
{[%clk 0:00:24]} 19. Nc5 {[%clk 0:02:07]} c6 {[%clk 0:00:24]} 20. Nxe6
{[%clk 0:02:07]} fxe6 {[%clk 0:00:16]} 21. Rxe6 {[%clk 0:01:55]} Nf4
{[%clk 0:00:15]} 22. Rd6 {[%clk 0:01:34]} Qg5 {[%clk 0:00:10]} 23. Qc4+
{[%clk 0:01:06]} Kh8 {[%clk 0:00:14]} 24. Rad1 {[%clk 0:00:35]} Rae8
{[%clk 0:00:18]} 25. Qd4 {[%clk 0:00:11]} Qb5 {[%clk 0:00:16]} 26. Qd2
{[%clk 0:00:13]} Re7 {[%clk 0:00:10]} 27. Re1 {[%clk 0:00:08]} Rxe1+
{[%clk 0:00:12]} 28. Qxe1 {[%clk 0:00:08]} Qg5 {[%clk 0:00:12]} 29. Qd2
{[%clk 0:00:14]} Re8 {[%clk 0:00:16]} 30. Qd1 {[%clk 0:00:17]} Qe5
{[%clk 0:00:16]} 31. g3 {[%clk 0:00:17]} Qe1+ {[%clk 0:00:16]} 0-1

[Event "M?R mláde?e v rapidu 2019"]
[Site "?"]
[Date "2019.09.08"]
[Round "9.12"]
[White "Seidl, Jan"]
[Black "Simunek, Jakub Simon"]
[Result "0-1"]
[BlackElo "1608"]
[WhiteElo "1647"]
[LiveChessVersion "1.4.8"]

1. d4 {[%clk 0:20:08]} d5 {[%clk 0:20:07]} 2. c4 {[%clk 0:20:12]} e6
{[%clk 0:20:10]} 3. Nc3 {[%clk 0:20:14]} Nf6 {[%clk 0:20:10]} 4. Bg5
{[%clk 0:20:17]} c6 {[%clk 0:20:11]} 5. Nf3 {[%clk 0:20:16]} Nbd7
{[%clk 0:20:12]} 6. e3 {[%clk 0:20:08]} Qa5 {[%clk 0:20:13]} 7. Bd3
{[%clk 0:18:53]} dxc4 {[%clk 0:19:18]} 8. Bxc4 {[%clk 0:18:56]} Ne4
{[%clk 0:19:21]} 9. Qc2 {[%clk 0:18:08]} Nxg5 {[%clk 0:19:22]} 10. Nxg5
{[%clk 0:17:59]} Qxg5 {[%clk 0:19:26]} 11. O-O {[%clk 0:17:40]} Bb4
{[%clk 0:19:18]} 12. Ne4 {[%clk 0:17:35]} Qe7 {[%clk 0:19:14]} 13. a3
{[%clk 0:17:35]} Ba5 {[%clk 0:19:13]} 14. b4 {[%clk 0:17:11]} Bc7
{[%clk 0:19:12]} 15. f4 {[%clk 0:16:46]} Nb6 {[%clk 0:18:30]} 16. Bb3
{[%clk 0:16:29]} Nd5 {[%clk 0:18:29]} 17. Qd2 {[%clk 0:15:58]} Nf6
{[%clk 0:17:34]} 18. Ng3 {[%clk 0:15:44]} O-O {[%clk 0:17:04]} 19. e4
{[%clk 0:15:37]} Rd8 {[%clk 0:16:43]} 20. Rfe1 {[%clk 0:15:15]} Bb6
{[%clk 0:16:09]} 21. Kf1 {[%clk 0:14:15]} Bxd4 {[%clk 0:13:50]} 22. Rad1
{[%clk 0:14:07]} Ng4 {[%clk 0:12:53]} 23. h3 {[%clk 0:13:31]} Bb6
{[%clk 0:12:26]} 24. hxg4 {[%clk 0:12:31]} Rxd2 {[%clk 0:12:24]} 25. Rxd2
{[%clk 0:12:34]} a5 {[%clk 0:11:27]} 26. Red1 {[%clk 0:11:49]} axb4
{[%clk 0:11:28]} 27. axb4 {[%clk 0:11:53]} h6 {[%clk 0:10:51]} 28. Bc2
{[%clk 0:11:42]} e5 {[%clk 0:08:06]} 29. Nf5 {[%clk 0:10:21]} Bxf5
{[%clk 0:08:04]} 30. exf5 {[%clk 0:10:23]} Rd8 {[%clk 0:07:47]} 31. Bd3
{[%clk 0:10:08]} e4 {[%clk 0:07:38]} 32. Re2 {[%clk 0:09:58]} Qxb4
{[%clk 0:07:13]} 0-1

[Event "M?R mláde?e v rapidu 2019"]
[Site "?"]
[Date "2019.09.08"]
[Round "9.13"]
[White "Zelbova, Lada"]
[Black "Vavrinkova, Marie"]
[Result "0-1"]
[BlackElo "1319"]
[WhiteElo "1521"]
[LiveChessVersion "1.4.8"]

1. d4 {[%clk 0:20:08]} d5 {[%clk 0:20:09]} 2. Bf4 {[%clk 0:20:11]} Nf6
{[%clk 0:20:08]} 3. e3 {[%clk 0:20:12]} e6 {[%clk 0:20:09]} 4. Nf3
{[%clk 0:20:13]} Be7 {[%clk 0:20:12]} 5. Ne5 {[%clk 0:20:15]} O-O
{[%clk 0:20:08]} 6. Nd2 {[%clk 0:20:14]} Nbd7 {[%clk 0:20:09]} 7. Bd3
{[%clk 0:19:40]} c5 {[%clk 0:19:56]} 8. c3 {[%clk 0:19:43]} b6 {[%clk 0:19:43]}
9. Nc6 {[%clk 0:19:38]} Qe8 {[%clk 0:19:13]} 10. Nxe7+ {[%clk 0:19:37]} Qxe7
{[%clk 0:19:14]} 11. Nf3 {[%clk 0:19:21]} Bb7 {[%clk 0:18:15]} 12. Ne5
{[%clk 0:19:15]} Rfd8 {[%clk 0:17:23]} 13. O-O {[%clk 0:18:54]} Rac8
{[%clk 0:17:18]} 14. h3 {[%clk 0:18:18]} a5 {[%clk 0:16:03]} 15. a4
{[%clk 0:18:17]} h6 {[%clk 0:15:42]} 16. Bb5 {[%clk 0:17:08]} c4 {[%clk 0:15:22]}
17. b3 {[%clk 0:16:29]} cxb3 {[%clk 0:15:00]} 18. Qxb3 {[%clk 0:16:32]} Nxe5
{[%clk 0:13:55]} 19. Bxe5 {[%clk 0:16:11]} Ne4 {[%clk 0:13:49]} 20. Rfc1
{[%clk 0:15:39]} Nd2 {[%clk 0:12:56]} 21. Qb2 {[%clk 0:14:33]} Ne4
{[%clk 0:12:19]} 22. f3 {[%clk 0:14:04]} Nd6 {[%clk 0:12:13]} 23. Bf1
{[%clk 0:13:15]} Rc6 {[%clk 0:11:49]} 24. Bb5 {[%clk 0:11:31]} Nxb5
{[%clk 0:11:34]} 25. Qxb5 {[%clk 0:11:34]} Qd7 {[%clk 0:09:49]} 26. Ra3
{[%clk 0:10:13]} f6 {[%clk 0:09:27]} 27. Bh2 {[%clk 0:09:58]} Qe7
{[%clk 0:09:23]} 28. Rb3 {[%clk 0:09:00]} e5 {[%clk 0:08:48]} 29. Qd3
{[%clk 0:08:10]} Qe8 {[%clk 0:08:06]} 30. Rcb1 {[%clk 0:08:02]} Rdd6
{[%clk 0:08:06]} 31. Qf5 {[%clk 0:05:53]} Bc8 {[%clk 0:07:44]} 32. Qd3
{[%clk 0:05:16]} Bd7 {[%clk 0:07:03]} 33. R1b2 {[%clk 0:03:24]} Qe6
{[%clk 0:06:15]} 34. e4 {[%clk 0:02:45]} dxe4 {[%clk 0:05:16]} 35. fxe4
{[%clk 0:02:34]} Rc8 {[%clk 0:04:23]} 36. d5 {[%clk 0:02:28]} Qe7
{[%clk 0:04:08]} 37. Rxb6 {[%clk 0:02:23]} Rxb6 {[%clk 0:04:11]} 38. Rxb6
{[%clk 0:02:26]} Qc5+ {[%clk 0:04:09]} 39. Kh1 {[%clk 0:01:56]} Qxb6
{[%clk 0:04:08]} 40. Bg1 {[%clk 0:01:46]} Qb3 {[%clk 0:04:01]} 41. Qa6
{[%clk 0:01:03]} Qxc3 {[%clk 0:03:48]} 42. Qa7 {[%clk 0:00:49]} Bxa4
{[%clk 0:03:31]} 43. d6 {[%clk 0:00:45]} Qd2 {[%clk 0:02:53]} 44. Bc5
{[%clk 0:00:23]} Qc1+ {[%clk 0:02:47]} 45. Kh2 {[%clk 0:00:25]} Qxc5
{[%clk 0:02:42]} 46. d7 {[%clk 0:00:22]} Bxd7 {[%clk 0:02:37]} 47. Qxd7
{[%clk 0:00:24]} Qc7 {[%clk 0:02:32]} 48. Qd5+ {[%clk 0:00:26]} Kh7
{[%clk 0:02:32]} 49. Qe6 {[%clk 0:00:23]} Ra8 {[%clk 0:02:19]} 50. Qf5+
{[%clk 0:00:24]} Kg8 {[%clk 0:02:22]} 51. Qe6+ {[%clk 0:00:27]} Qf7
{[%clk 0:02:25]} 52. Qc6 {[%clk 0:00:22]} Rd8 {[%clk 0:02:27]} 53. Qb6
{[%clk 0:00:24]} Rd2 {[%clk 0:02:28]} 54. Qxa5 {[%clk 0:00:26]} Rd4
{[%clk 0:02:17]} 55. Qa8+ {[%clk 0:00:27]} Kh7 {[%clk 0:02:18]} 56. Qc6
{[%clk 0:00:28]} Qd7 {[%clk 0:02:19]} 57. Qc2 {[%clk 0:00:27]} Rd2
{[%clk 0:02:21]} 58. Qc4 {[%clk 0:00:29]} Qd4 {[%clk 0:02:23]} 59. Qc6
{[%clk 0:00:31]} Qf2 {[%clk 0:02:23]} 60. Qe6 {[%clk 0:00:14]} Qxg2#
{[%clk 0:02:25]} 0-1

[Event "M?R mláde?e v rapidu 2019"]
[Site "?"]
[Date "2019.09.08"]
[Round "9.14"]
[White "Seda, Michaela"]
[Black "Havelkova, Beata"]
[Result "0-1"]
[BlackElo "1541"]
[WhiteElo "1357"]
[LiveChessVersion "1.4.8"]

1. e4 {[%clk 0:20:07]} c5 {[%clk 0:20:09]} 2. Nf3 {[%clk 0:20:10]} d6
{[%clk 0:20:13]} 3. d4 {[%clk 0:20:14]} cxd4 {[%clk 0:20:16]} 4. Nxd4
{[%clk 0:20:16]} Nf6 {[%clk 0:20:20]} 5. Nc3 {[%clk 0:20:18]} g6 {[%clk 0:20:24]}
6. Be3 {[%clk 0:20:16]} Bg7 {[%clk 0:20:26]} 7. Bc4 {[%clk 0:20:15]} Nc6
{[%clk 0:20:27]} 8. f3 {[%clk 0:20:00]} O-O {[%clk 0:20:29]} 9. Qd2
{[%clk 0:19:59]} Bd7 {[%clk 0:20:32]} 10. Nxc6 {[%clk 0:19:56]} bxc6
{[%clk 0:20:32]} 11. Bb3 {[%clk 0:19:43]} a5 {[%clk 0:20:17]} 12. Bh6
{[%clk 0:19:43]} Qb6 {[%clk 0:20:07]} 13. Bxg7 {[%clk 0:19:34]} Kxg7
{[%clk 0:20:10]} 14. e5 {[%clk 0:19:08]} dxe5 {[%clk 0:19:45]} 15. O-O-O
{[%clk 0:18:50]} Rfd8 {[%clk 0:19:19]} 16. Qe2 {[%clk 0:16:57]} c5
{[%clk 0:18:33]} 17. a3 {[%clk 0:15:21]} a4 {[%clk 0:18:22]} 18. Ba2
{[%clk 0:15:21]} Rdb8 {[%clk 0:18:03]} 19. b3 {[%clk 0:13:42]} axb3
{[%clk 0:17:43]} 20. cxb3 {[%clk 0:13:39]} Rxa3 {[%clk 0:17:17]} 21. Qb2
{[%clk 0:12:38]} Ra7 {[%clk 0:16:15]} 22. Nd5 {[%clk 0:11:34]} Nxd5
{[%clk 0:16:11]} 23. Rxd5 {[%clk 0:11:37]} f6 {[%clk 0:15:42]} 24. Rhd1
{[%clk 0:10:56]} Be6 {[%clk 0:15:28]} 25. R5d3 {[%clk 0:10:41]} c4
{[%clk 0:15:12]} 26. Rc3 {[%clk 0:10:31]} cxb3 {[%clk 0:14:56]} 27. Bb1
{[%clk 0:09:50]} Bf5 {[%clk 0:14:33]} 28. Bxf5 {[%clk 0:09:44]} gxf5
{[%clk 0:14:36]} 29. g3 {[%clk 0:08:29]} Ra2 {[%clk 0:14:19]} 30. Qb1
{[%clk 0:06:30]} b2+ {[%clk 0:14:16]} 31. Kd2 {[%clk 0:06:33]} Qf2+
{[%clk 0:13:47]} 32. Kd3 {[%clk 0:06:29]} Ra1 {[%clk 0:13:38]} 33. Qc2
{[%clk 0:06:25]} Qxc2+ {[%clk 0:13:37]} 34. Kxc2 {[%clk 0:06:20]} b1=Q+
{[%clk 0:13:38]} 35. Rxb1 {[%clk 0:06:22]} Rbxb1 {[%clk 0:13:40]} 36. h3
{[%clk 0:06:19]} Rh1 {[%clk 0:13:31]} 37. h4 {[%clk 0:06:19]} Rh2+
{[%clk 0:13:21]} 38. Kd3 {[%clk 0:06:20]} Rd1+ {[%clk 0:13:17]} 39. Ke3
{[%clk 0:06:23]} f4+ {[%clk 0:12:45]} 40. gxf4 {[%clk 0:06:21]} exf4+
{[%clk 0:12:48]} 41. Kxf4 {[%clk 0:06:22]} Rxh4+ {[%clk 0:12:45]} 42. Kg3
{[%clk 0:06:21]} Rhh1 {[%clk 0:12:33]} 43. Re3 {[%clk 0:06:18]} Rd2
{[%clk 0:12:23]} 44. Rxe7+ {[%clk 0:06:09]} Kg6 {[%clk 0:12:20]} 45. Re8
{[%clk 0:05:54]} Kf5 {[%clk 0:11:56]} 46. f4 {[%clk 0:05:26]} h5 {[%clk 0:11:50]}
47. Rh8 {[%clk 0:05:05]} h4+ {[%clk 0:11:32]} 48. Rxh4 {[%clk 0:04:28]} Rxh4
{[%clk 0:11:35]} 49. Kxh4 {[%clk 0:04:31]} Rd3 {[%clk 0:11:34]} 50. Kh5
{[%clk 0:03:51]} Rh3# {[%clk 0:11:37]} 0-1

[Event "M?R mláde?e v rapidu 2019"]
[Site "?"]
[Date "2019.09.08"]
[Round "9.15"]
[White "Sehnoutkova, Laura"]
[Black "Sikorova, Jana"]
[Result "0-1"]
[BlackElo "1309"]
[WhiteElo "1462"]
[LiveChessVersion "1.4.8"]

1. e4 {[%clk 0:20:08]} c5 {[%clk 0:20:08]} 2. Nf3 {[%clk 0:20:10]} e6
{[%clk 0:20:10]} 3. d4 {[%clk 0:20:12]} cxd4 {[%clk 0:20:10]} 4. Nxd4
{[%clk 0:20:14]} a6 {[%clk 0:20:12]} 5. Nc3 {[%clk 0:20:12]} b5 {[%clk 0:20:13]}
6. a3 {[%clk 0:20:06]} Bb7 {[%clk 0:20:01]} 7. Be2 {[%clk 0:19:09]} Qc7
{[%clk 0:19:53]} 8. O-O {[%clk 0:18:49]} Nf6 {[%clk 0:19:31]} 9. Bd3
{[%clk 0:17:35]} d6 {[%clk 0:19:21]} 10. Bd2 {[%clk 0:16:52]} Nbd7
{[%clk 0:19:20]} 11. Re1 {[%clk 0:16:22]} Be7 {[%clk 0:19:21]} 12. Nf3
{[%clk 0:15:44]} O-O {[%clk 0:19:15]} 13. h3 {[%clk 0:15:06]} Rac8
{[%clk 0:19:01]} 14. Rc1 {[%clk 0:14:50]} Rfe8 {[%clk 0:18:43]} 15. Bg5
{[%clk 0:13:51]} Qc6 {[%clk 0:17:56]} 16. e5 {[%clk 0:12:10]} dxe5
{[%clk 0:17:45]} 17. Nxe5 {[%clk 0:12:09]} Qxg2# {[%clk 0:17:43]} 0-1

[Event "M?R mláde?e v rapidu 2019"]
[Site "?"]
[Date "2019.09.08"]
[Round "9.16"]
[White "Spacilova, Klara"]
[Black "Dudkova, Josefina"]
[Result "0-1"]
[BlackElo "1407"]
[WhiteElo "1332"]
[LiveChessVersion "1.4.8"]

1. e4 {[%clk 0:20:09]} d5 {[%clk 0:20:04]} 2. exd5 {[%clk 0:20:08]} Nf6
{[%clk 0:20:07]} 3. Nf3 {[%clk 0:20:06]} Qxd5 {[%clk 0:20:06]} 4. Nc3
{[%clk 0:20:08]} Qh5 {[%clk 0:20:05]} 5. Be2 {[%clk 0:20:04]} Bg4
{[%clk 0:19:54]} 6. d4 {[%clk 0:19:54]} Nc6 {[%clk 0:19:48]} 7. Be3
{[%clk 0:19:52]} O-O-O {[%clk 0:19:37]} 8. O-O {[%clk 0:19:38]} e5
{[%clk 0:17:54]} 9. a3 {[%clk 0:16:34]} Bc5 {[%clk 0:16:28]} 10. d5
{[%clk 0:14:01]} Bxe3 {[%clk 0:15:11]} 11. fxe3 {[%clk 0:14:02]} e4
{[%clk 0:14:04]} 12. Nd4 {[%clk 0:13:53]} Nxd4 {[%clk 0:13:18]} 13. Bxg4+
{[%clk 0:13:34]} Qxg4 {[%clk 0:12:35]} 14. Qxg4+ {[%clk 0:13:35]} Nxg4
{[%clk 0:12:30]} 15. exd4 {[%clk 0:13:35]} Rhf8 {[%clk 0:11:35]} 16. Nxe4
{[%clk 0:13:10]} Rxd5 {[%clk 0:10:59]} 17. c3 {[%clk 0:13:04]} Re8
{[%clk 0:09:54]} 18. Nf2 {[%clk 0:12:53]} Ne3 {[%clk 0:09:17]} 19. Rfe1
{[%clk 0:12:54]} Kd8 {[%clk 0:09:19]} 20. Nd1 {[%clk 0:12:42]} Nf5
{[%clk 0:08:43]} 21. Rxe8+ {[%clk 0:12:40]} Kxe8 {[%clk 0:08:46]} 22. Nf2
{[%clk 0:12:41]} c5 {[%clk 0:08:31]} 23. Re1+ {[%clk 0:12:30]} Kf8
{[%clk 0:08:27]} 24. dxc5 {[%clk 0:12:32]} Rxc5 {[%clk 0:08:30]} 25. Nd3
{[%clk 0:12:31]} Rd5 {[%clk 0:08:24]} 26. Nb4 {[%clk 0:11:51]} Rd2
{[%clk 0:08:22]} 27. Rb1 {[%clk 0:11:48]} Ne3 {[%clk 0:08:06]} 28. b3
{[%clk 0:11:35]} Rxg2+ {[%clk 0:07:36]} 29. Kh1 {[%clk 0:11:30]} Re2
{[%clk 0:06:37]} 30. a4 {[%clk 0:11:09]} Ng4 {[%clk 0:06:28]} 31. h3
{[%clk 0:11:11]} Rh2+ {[%clk 0:06:11]} 32. Kg1 {[%clk 0:11:11]} Rxh3
{[%clk 0:06:13]} 33. c4 {[%clk 0:11:09]} Re3 {[%clk 0:05:48]} 34. Kf1
{[%clk 0:10:59]} h5 {[%clk 0:05:41]} 35. Kg2 {[%clk 0:10:56]} Nf6
{[%clk 0:05:25]} 36. Kf2 {[%clk 0:10:44]} Re5 {[%clk 0:05:06]} 37. Kf3
{[%clk 0:10:42]} g5 {[%clk 0:04:59]} 38. Rg1 {[%clk 0:10:36]} g4+
{[%clk 0:05:00]} 39. Kf4 {[%clk 0:10:39]} Re2 {[%clk 0:04:48]} 40. Nd3
{[%clk 0:10:05]} Kg7 {[%clk 0:04:25]} 41. b4 {[%clk 0:09:49]} Re4+
{[%clk 0:04:23]} 42. Kg3 {[%clk 0:09:46]} Rxc4 {[%clk 0:04:24]} 43. Kh4
{[%clk 0:09:27]} Rd4 {[%clk 0:04:02]} 44. Rg3 {[%clk 0:09:24]} Kh6
{[%clk 0:03:41]} 45. Ne5 {[%clk 0:09:09]} Rxb4 {[%clk 0:03:25]} 46. Nxf7+
{[%clk 0:09:11]} Kg6 {[%clk 0:03:28]} 47. Nd6 {[%clk 0:09:06]} Ne4
{[%clk 0:03:14]} 48. Re3 {[%clk 0:08:14]} Nxd6 {[%clk 0:02:52]} 49. Re6+
{[%clk 0:08:18]} Kf5 {[%clk 0:02:49]} 50. Rxd6 {[%clk 0:08:21]} Rxa4
{[%clk 0:02:40]} 51. Rh6 {[%clk 0:08:24]} a5 {[%clk 0:02:32]} 52. Rxh5+
{[%clk 0:08:26]} Kf4 {[%clk 0:02:34]} 53. Rg5 {[%clk 0:08:29]} Kf3
{[%clk 0:02:29]} 54. Rf5+ {[%clk 0:08:24]} Ke3 {[%clk 0:02:26]} 55. Re5+
{[%clk 0:08:27]} Kd3 {[%clk 0:02:24]} 56. Rd5+ {[%clk 0:08:30]} Kc4
{[%clk 0:02:09]} 57. Rg5 {[%clk 0:08:29]} b6 {[%clk 0:02:02]} 58. Kxg4
{[%clk 0:08:25]} Kc3+ {[%clk 0:01:59]} 59. Kg3 {[%clk 0:08:24]} Rc4
{[%clk 0:01:59]} 60. Rb5 {[%clk 0:08:21]} Rc6 {[%clk 0:02:00]} 61. Rb1
{[%clk 0:08:11]} Rg6+ {[%clk 0:01:45]} 62. Kf2 {[%clk 0:08:14]} a4
{[%clk 0:01:44]} 63. Ra1 {[%clk 0:08:06]} b5 {[%clk 0:01:36]} 64. Ke2
{[%clk 0:08:08]} Rg2+ {[%clk 0:01:33]} 65. Kd1 {[%clk 0:08:06]} Rg1+
{[%clk 0:01:36]} 66. Ke2 {[%clk 0:08:10]} Rxa1 {[%clk 0:01:38]} 67. Ke3
{[%clk 0:08:13]} Rd1 {[%clk 0:01:40]} 68. Ke4 {[%clk 0:08:15]} Rd8
{[%clk 0:01:42]} 69. Ke5 {[%clk 0:08:18]} Kc4 {[%clk 0:01:46]} 70. Ke6
{[%clk 0:08:22]} Kc5 {[%clk 0:01:50]} 71. Ke7 {[%clk 0:08:26]} Rd1
{[%clk 0:01:53]} 72. Ke8 {[%clk 0:08:29]} Kc6 {[%clk 0:01:57]} 73. Ke7
{[%clk 0:08:32]} Rd2 {[%clk 0:02:00]} 74. Ke8 {[%clk 0:08:35]} a3
{[%clk 0:02:02]} 75. Ke7 {[%clk 0:08:38]} a2 {[%clk 0:02:06]} 76. Ke6
{[%clk 0:08:42]} Re2+ {[%clk 0:02:09]} 77. Kf5 {[%clk 0:08:46]} a1=Q
{[%clk 0:02:10]} 78. Kf4 {[%clk 0:08:49]} Qf1+ {[%clk 0:02:12]} 79. Kg3
{[%clk 0:08:52]} Rg2+ {[%clk 0:02:15]} 80. Kh4 {[%clk 0:08:55]} Qh1# 0-1

[Event "M?R mláde?e v rapidu 2019"]
[Site "?"]
[Date "2019.09.08"]
[Round "9.17"]
[White "Delgerdalai, Bayarjavkhlan"]
[Black "Jasso, Matej"]
[Result "0-1"]
[BlackElo "1553"]
[WhiteElo "1491"]
[LiveChessVersion "1.4.8"]

1. e4 {[%clk 0:20:08]} c5 {[%clk 0:20:08]} 2. Nf3 {[%clk 0:20:11]} d6
{[%clk 0:20:12]} 3. Nc3 {[%clk 0:20:11]} Nf6 {[%clk 0:20:15]} 4. d4
{[%clk 0:20:12]} cxd4 {[%clk 0:20:18]} 5. Nxd4 {[%clk 0:20:14]} a6
{[%clk 0:20:22]} 6. Be3 {[%clk 0:20:06]} e6 {[%clk 0:20:24]} 7. Be2
{[%clk 0:20:01]} Bd7 {[%clk 0:20:25]} 8. O-O {[%clk 0:19:59]} Be7
{[%clk 0:20:28]} 9. Qd2 {[%clk 0:19:58]} Nc6 {[%clk 0:20:31]} 10. f4
{[%clk 0:19:48]} Qc7 {[%clk 0:20:32]} 11. Rae1 {[%clk 0:19:16]} b5
{[%clk 0:20:06]} 12. a3 {[%clk 0:19:01]} O-O {[%clk 0:19:58]} 13. f5
{[%clk 0:18:27]} e5 {[%clk 0:19:40]} 14. Nb3 {[%clk 0:18:14]} Rac8
{[%clk 0:19:30]} 15. Rf3 {[%clk 0:17:27]} Ng4 {[%clk 0:17:16]} 16. Rh3
{[%clk 0:16:09]} Nxe3 {[%clk 0:17:13]} 17. Qxe3 {[%clk 0:16:01]} Qa7
{[%clk 0:17:14]} 18. Qxa7 {[%clk 0:15:18]} Nxa7 {[%clk 0:17:18]} 19. Nd5
{[%clk 0:14:36]} Bd8 {[%clk 0:16:53]} 20. c3 {[%clk 0:13:37]} Bc6
{[%clk 0:16:37]} 21. Rd3 {[%clk 0:13:00]} Bxd5 {[%clk 0:15:53]} 22. Rxd5
{[%clk 0:12:57]} Bc7 {[%clk 0:15:09]} 23. Bg4 {[%clk 0:11:52]} Rcd8
{[%clk 0:13:57]} 24. Rc1 {[%clk 0:10:14]} Nc6 {[%clk 0:13:16]} 25. c4
{[%clk 0:09:30]} bxc4 {[%clk 0:12:54]} 26. Rxc4 {[%clk 0:08:57]} Bb6+
{[%clk 0:12:57]} 27. Kf1 {[%clk 0:08:51]} Nd4 {[%clk 0:12:58]} 28. Nxd4
{[%clk 0:08:38]} Bxd4 {[%clk 0:13:00]} 29. b4 {[%clk 0:07:00]} Bb2
{[%clk 0:12:30]} 30. a4 {[%clk 0:06:38]} h6 {[%clk 0:12:03]} 31. Rc6
{[%clk 0:06:07]} Rb8 {[%clk 0:11:11]} 32. b5 {[%clk 0:05:38]} axb5
{[%clk 0:11:12]} 33. axb5 {[%clk 0:05:33]} Ba3 {[%clk 0:11:15]} 34. b6
{[%clk 0:04:09]} Bc5 {[%clk 0:11:15]} 35. Rd1 {[%clk 0:03:28]} Rb7
{[%clk 0:10:58]} 36. Rb1 {[%clk 0:02:56]} Rfb8 {[%clk 0:10:51]} 37. Ke2
{[%clk 0:02:33]} Rxb6 {[%clk 0:10:39]} 38. Rbxb6 {[%clk 0:02:23]} Rxb6
{[%clk 0:10:40]} 39. Rxb6 {[%clk 0:02:09]} Bxb6 {[%clk 0:10:44]} 40. Kd3
{[%clk 0:01:44]} Kf8 {[%clk 0:10:44]} 41. Kc4 {[%clk 0:01:22]} Ke7
{[%clk 0:10:43]} 42. Kd3 {[%clk 0:01:15]} Kf6 {[%clk 0:10:34]} 43. h4
{[%clk 0:00:57]} Bf2 {[%clk 0:10:37]} 44. h5 {[%clk 0:01:00]} Kg5
{[%clk 0:10:41]} 45. Bf3 {[%clk 0:00:59]} g6 {[%clk 0:10:37]} 46. hxg6
{[%clk 0:00:54]} fxg6 {[%clk 0:10:41]} 47. fxg6 {[%clk 0:00:50]} Kxg6
{[%clk 0:10:44]} 48. Ke2 {[%clk 0:00:53]} Bg3 {[%clk 0:10:44]} 49. Kd3
{[%clk 0:00:54]} Kf6 {[%clk 0:10:48]} 50. Kc4 {[%clk 0:00:56]} Bf2
{[%clk 0:10:49]} 51. Kd5 {[%clk 0:00:58]} Bc5 {[%clk 0:10:52]} 52. Kc4
{[%clk 0:00:59]} Kg5 {[%clk 0:10:56]} 53. Kd5 {[%clk 0:00:58]} Kf4
{[%clk 0:11:00]} 54. Ke6 {[%clk 0:00:55]} h5 {[%clk 0:10:56]} 55. Kd5
{[%clk 0:00:50]} h4 {[%clk 0:10:59]} 56. Be2 {[%clk 0:00:24]} Kg3
{[%clk 0:11:00]} 57. Bf3 {[%clk 0:00:21]} h3 {[%clk 0:11:04]} 58. gxh3
{[%clk 0:00:20]} Kxf3 {[%clk 0:11:08]} 59. h4 {[%clk 0:00:22]} Kg4
{[%clk 0:11:12]} 60. h5 {[%clk 0:00:26]} Kxh5 {[%clk 0:11:16]} 61. Ke6
{[%clk 0:00:27]} Kg4 {[%clk 0:11:20]} 62. Kd5 {[%clk 0:00:30]} Kf4
{[%clk 0:11:24]} 63. Kc4 {[%clk 0:00:32]} Kxe4 {[%clk 0:11:28]} 64. Kc3
{[%clk 0:00:34]} Bb4+ {[%clk 0:11:32]} 65. Kxb4 {[%clk 0:00:36]} d5
{[%clk 0:11:37]} 66. Kc3 {[%clk 0:00:40]} d4+ {[%clk 0:11:41]} 67. Kd2
{[%clk 0:00:44]} d3 {[%clk 0:11:46]} 68. Kd1 {[%clk 0:00:47]} Ke3
{[%clk 0:11:50]} 69. Ke1 {[%clk 0:00:50]} d2+ {[%clk 0:11:53]} 70. Kd1
{[%clk 0:00:54]} e4 {[%clk 0:11:57]} 71. Kc2 {[%clk 0:00:58]} Ke2
{[%clk 0:12:01]} 72. Kc3 {[%clk 0:01:01]} d1=Q {[%clk 0:12:04]} 73. Kc4
{[%clk 0:01:04]} Qd3+ {[%clk 0:12:07]} 74. Kb4 {[%clk 0:01:07]} Qc2
{[%clk 0:12:10]} 75. Ka3 {[%clk 0:01:10]} Qb1 {[%clk 0:12:13]} 76. Ka4
{[%clk 0:01:14]} Kd3 {[%clk 0:12:18]} 77. Ka5 {[%clk 0:01:16]} Kc4
{[%clk 0:12:22]} 78. Ka6 {[%clk 0:01:20]} Kc5 {[%clk 0:12:26]} 79. Ka7
{[%clk 0:01:23]} Kc6 {[%clk 0:12:30]} 80. Ka8 {[%clk 0:01:27]} Qb7# 0-1